000 00432 a2200085 4500
999 _c20720
_d20720
003 WA 310
005 20220207133545.0
008 220207s2003 pl |||f u||| 000 0 pol d
040 _aWA 310
_cWA 310
041 _apol
_heng
245 0 0 _aDotyczy PN-EN 61000-4-6:1999 - Kompatybilność elektromagnetyczna (EMC) - Metody badań i pomiarów - Odporność na zaburzenia przewodzone, indukowane przez pola o częstotliwości radiowej =
_bElectromagnetic compatibility (EMC) - Part 4-6: Testing and measurement techniques - Immunity to conducted disturbances, induced by radio-frequency fields PN-EN 61000-4-6:1999/A1:2003P /
_cKT nr 104.
246 1 3 _aPN-EN 61000-4-6:1999/A1
246 1 3 _aICS 33.100.20
246 1 3 _aZmiana do Polskiej Normy
246 3 1 _aElectromagnetic compatibility (EMC) - Part 4-6: Testing and measurement techniques - Immunity to conducted disturbances, induced by radio-frequency fields
260 _aWarszawa :
_bPKN,
_c2003.
300 _a4 strony ;
_c30 cm.
336 _2rdacontent
_aTekst
_btxt
337 _2rdamedia
_aBez urządzenia pośredniczącego
_bn
338 _2rdacarrier
_aWolumin
_bnc
500 _aWprowadza EN 61000-4-6:1996/A1:2001, IDT, IEC 61000-4-6:1996/AMD1:2000, IDT ; Zatwierdzona 26 maja 2003 r.
500 _aZmiana do Normy Europejskiej EN 61000-4-6:1996/A1:2001 ma status Zmiany do Polskiej Normy.
590 _6Status: wycofana.
710 _91107
_aPolska.
_bPolski Komitet Normalizacyjny.
_eInstytucja sprawcza
_eWydawca
942 _2ddc
_cBK